Musiques de film et compositeurs - Statistiques

Statistiques générales
  • Ce quiz a été pris 46 fois
  • Le résultat moyen est 10 sur 50
Statistiques - réponses
Question Réponse % Correct
Maurice Jarre a composé la musique du Cercle des poètes disparus
86%
Quelle musique n'a pas été composée par Alexandre Desplat ? 2012 - Skyfall
57%
Quel compositeur de musiques de film n'a pas pour prénom John ? Horner
57%
Quel mot(s) manque(nt) dans ces titres : "xxxxx un boomerang" et "Un coeur gros XXXXX ça" dans ces films mis en musique par Georges Delerue ? comme
43%
Quelle musique n'a pas été composée par John Williams ? Da Vinci code
43%
Ennio Morricone a obtenu un Oscar pour la musique du film... Les huit salopards
43%
Jean-Claude Petit n'a pas écrit la musique de(s) Madame Bovary
43%
Qui est en péril dans un film de 1978 mis en musique par Georges Delerue ? une femme
43%
Quelle musique n'a pas été composée par Vladimir Cosma ? 1946 - L'Idiot
29%
Quelle musique n'a pas été composée par John Barry ? 1963 - Bons baisers de Russie
29%
Serge Gainsbourg n'a pas écrit la musique de... 1967 - Tous fous d'elle
29%
Comment se nomme le Bienheureux pour lequel Vladimir Cosma a écrit une musique de film ? Alexandre
29%
Maurice Jarre a composé la musique des Noces de cendre
29%
Ennio Morricone n'a jamais écrit la musique d' Il était une fois à Paris
29%
Fred Bongusto est un compositeur de musiques de film... italien
29%
Quelle musique a été composée par Vladimir Cosma ? La course à l'échalote
29%
Quel film existe et a une musique de Michel Legrand ? La vieille fille
29%
Un Raymond a écrit les musiques de la série des gendarmes, comment s'écrit son nom ? Lefebvre
29%
Nino Rota n'a jamais écrit la musique de trois de ces films... Laquelle est son oeuvre ? Le Parrain
29%
François de Roubaix a obtenu un César pour la musique du film Le vieux fusil
29%
Quel compositeur de musiques de film ne se prénomme pas Paul ? Newman
29%
Irving Berlin n'a pas écrit la musique de... 1948 - Parade d'automne
14%
Jerry Goldsmith n'a pas composé la musique de 1977 - Croix de fer
14%
De quel film Michel Magne n'a-t-il pas composé la musique ? Angélique chez les Barbaresques
14%
Michel Portal n'a pas obtenu de César pour la musique du film... Bras de fer
14%
Quel est le plus ancien de ces films pour lesquels Georges Delerue a composé ? Classe tous risques
14%
Qui a composé la musique du Bon roi Dagobert en 1984 ? Guido et Maurizio De Angelis
14%
Darius Milhaud n'a pas écrit la musique de La chartreuse de Parme
14%
Georges Delerue n'a pas obtenu de César pour la musique du film... La passante du Sans-souci
14%
Paul Misraki a écrit la musique d'un seul de ces films lequel ? Le chasseur de chez Maxim's
14%
Maurice Jaubert n'a pas écrit la musique de... L'esclave grecque
14%
La musique d'un de ces films n'est pas de François de Roubaix... Laquelle ? Les Grandes Ombres
14%
Ennio Morricaone n'a pas écrit la musique de Le Solitaire
14%
Le compositeur de la musique de Comment entrer dans la mafia se nomme De Sica, quel est son prénom ? Manuel
14%
Alexandre Desplat n'a pas obtenu de César pour la musique du film... Microcosmos
14%
Arthur Honneger était de nationalité... suisse
14%
Quelle musique de film n'est pas de Michel Legrand ? Thomas est amoureux
14%
Michel Legrand a obtenu un Oscar pour la musique du film... Un été 42
14%
Quelle musique n'a pas été composée par Claude Bolling ? 1968 - La charge de la brigade légère
0%
Quelle musique n'a pas été composée par Gérard Calvi ? 1976 - L'Aile ou la Cuisse
0%
Francis Lai n'a pas écrit la musique de 1979 - Flic ou voyou
0%
Vangelis a composé la musique du film... Alexandre
0%
Quelle musique a été composée par Frank De Vol ? Deux filles au tapis
0%
La musique d'Une nuit au Moulin-Rouge est de Francis Lopez
0%
Marcel Landowski a écrit la musique de Gigi
0%
Georges Delerue a obtenu un Oscar pour la musique du film I love you, je t'aime
0%
Quel est le prénom de Kosma qui a notamment écrit la musique des Chouans ? Joseph
0%
Francis Lopez a composé en 1949 la musique de L'ange rouge
0%
De quel film Michel Magne n'a-t-il pas composé la musique ? OSS 117 Rio ne répond plus
0%
Quelle musique a été composée par Christophe Beck ? Very Bas Trip
0%
Aucun quiz correspondant
Distribution des résultats
% des personnes avec chaque résultat
Percentile par nombre de réponses
Votre historique - résultats
Vous n’avez pas pris ce quiz